[Event "Plzen, FSB A"]
[Site "?"]
[Date "2000.??.??"]
[Round "4"]
[White "Pecka, F."]
[Black "Vagner, T."]
[Result "1-0"]
[WhiteElo "2225"]
[BlackElo "2060"]
[PlyCount "160"]
[EventDate "2000.??.??"]
[Source "ChessBase"]
[SourceDate "1996.11.15"]

1. e4 c5 2. Nc3 d6 3. g3 g6 4. Bg2 Bg7 5. d3 Nc6 6. Nge2 e6 7. O-O Nge7 8. Be3
O-O 9. Qd2 Nd4 10. Nd1 Nxe2+ 11. Qxe2 Bd7 12. c3 Rc8 13. f4 d5 14. e5 d4 15.
Bd2 Bc6 16. Bxc6 Rxc6 17. Rc1 Qd7 18. c4 Ra6 19. Ra1 Rd8 20. Nf2 Rc6 21. Ne4 a6
22. a4 Rb8 23. b4 cxb4 24. Bxb4 Nf5 25. Rfb1 h5 26. h3 Ne3 27. Rb2 a5 28. Bxa5
h4 29. Bd2 hxg3 30. Bxe3 dxe3 31. Qxe3 Rd8 32. Rb3 Rc7 33. a5 Qd4 34. Qxd4 Rxd4
35. Kf1 g5 36. fxg5 Bxe5 37. Rab1 Rdd7 38. Kg2 Kg7 39. Nxg3 Rc5 40. Ra3 Bxg3
41. Kxg3 Rxg5+ 42. Kf2 Kf6 43. Rb5 Rg8 44. Rab3 Ra8 45. Ke3 Rh8 46. Rxb7 Rxh3+
47. Kd2 Rhxd3+ 48. Rxd3 Rxb7 49. Kc3 Ke7 50. Rd1 e5 51. Rd5 Ke6 52. a6 Ra7 53.
Ra5 Kd6 54. Kb4 Kc6 55. Rc5+ Kb6 56. Rxe5 Rxa6 57. Rf5 Ra2 58. Rf6+ Kb7 59.
Rxf7+ Kc6 60. Rf6+ Kc7 61. Kb5 Rb2+ 62. Kc5 Rc2 63. Rf7+ Kc8 64. Kb5 Rc1 65. c5
Rh1 66. Kb6 Rb1+ 67. Kc6 Kd8 68. Rd7+ Kc8 69. Rh7 Kd8 70. Rh8+ Ke7 71. Kc7 Rc1
72. c6 Rc2 73. Rh4 Rc1 74. Re4+ Kf7 75. Kd7 Rd1+ 76. Kc8 Rc1 77. Kc7 Kf6 78.
Kb7 Kf5 79. Rb4 Ke6 80. c7 Kd6 1-0

[Event "Plzen, FSB A"]
[Site "?"]
[Date "2000.??.??"]
[Round "4"]
[White "Postupa, P."]
[Black "Polak, B."]
[Result "1/2-1/2"]
[WhiteElo "2165"]
[BlackElo "2005"]
[PlyCount "42"]
[EventDate "2000.??.??"]
[Source "ChessBase"]
[SourceDate "1996.11.15"]

1. e4 e6 2. d4 d5 3. Nc3 Nf6 4. Bg5 dxe4 5. Nxe4 Nbd7 6. Nf3 Be7 7. Nxf6+ Bxf6
8. Bxf6 Qxf6 9. Bd3 c5 10. c3 cxd4 11. cxd4 O-O 12. Qe2 Nb6 13. O-O Nd5 14. Qe4
Qg6 15. Ne5 Qxe4 16. Bxe4 f6 17. Nd3 Rd8 18. Rfd1 Bd7 19. Nc5 b6 20. Bxd5 exd5
21. Nd3 Rac8 1/2-1/2

[Event "Plzen, FSB A"]
[Site "?"]
[Date "2000.??.??"]
[Round "4"]
[White "Hercik, J."]
[Black "Gritsch, C."]
[Result "1/2-1/2"]
[WhiteElo "1950"]
[BlackElo "2155"]
[PlyCount "102"]
[EventDate "2000.??.??"]
[Source "ChessBase"]
[SourceDate "1996.11.15"]

1. e4 c5 2. g3 g6 3. Bg2 Bg7 4. f4 e6 5. Qe2 Ne7 6. d3 Nbc6 7. c3 O-O 8. Be3 b6
9. Bf2 Bb7 10. Nf3 d5 11. e5 d4 12. c4 b5 13. cxb5 Qa5+ 14. Nbd2 Qxb5 15. O-O
Na5 16. b3 Rab8 17. Ng5 Bxg2 18. Kxg2 Nd5 19. Nge4 Rfd8 20. Rac1 Nb7 21. Nc4
Nb6 22. h4 Qc6 23. h5 Nd5 24. hxg6 hxg6 25. Qf3 Rbc8 26. Ned6 Nxd6 27. Nxd6
Rxd6 28. exd6 Qxd6 29. Bg1 Qa6 30. Rc2 Nb4 31. Rd2 Qa5 32. Qb7 Re8 33. Rff2 Nd5
34. Kh3 Qb6 35. Qxb6 axb6 36. Rfe2 Bh6 37. Kg4 f5+ 38. Kf3 g5 39. Rh2 g4+ 40.
Ke2 Kg7 41. Ke1 e5 42. Rde2 e4 43. dxe4 fxe4 44. Rh4 e3 45. Rxg4+ Kf8 46. Rg6
Bg7 47. Rd6 Nc3 48. Rh2 Ne4 49. Rd7 Nf6 50. Rd6 Ne4 51. Rd7 Nf6 1/2-1/2

[Event "Plzen, FSB A"]
[Site "?"]
[Date "2000.??.??"]
[Round "4"]
[White "Jenicek, J."]
[Black "Kafka, L."]
[Result "1/2-1/2"]
[WhiteElo "2135"]
[BlackElo "1925"]
[PlyCount "102"]
[EventDate "2000.??.??"]
[Source "ChessBase"]
[SourceDate "1996.11.15"]

1. Nf3 Nf6 2. c4 e6 3. g3 b6 4. Bg2 Bb7 5. O-O Be7 6. b3 d6 7. d4 Nbd7 8. Bb2
O-O 9. Nbd2 Re8 10. Re1 d5 11. e3 Rc8 12. Ne5 c5 13. Rc1 Rc7 14. cxd5 exd5 15.
Ndf3 Ne4 16. dxc5 Bxc5 17. Nxd7 Qxd7 18. Nd4 Rec8 19. Qd3 Bb4 20. Rxc7 Rxc7 21.
Rc1 Rxc1+ 22. Bxc1 Qc8 23. Bb2 Ba6 24. Qc2 Qxc2 25. Nxc2 Bd2 26. Bf1 Bxf1 27.
Kxf1 Bc3 28. Bxc3 Nxc3 29. a3 Nb5 30. Ke2 Kf8 31. Kd3 Ke7 32. a4 Nc7 33. Nd4
Kd7 34. b4 a6 35. f4 g6 36. Nf3 f6 37. g4 Kd6 38. h4 Ne6 39. g5 fxg5 40. hxg5
a5 41. Kc3 axb4+ 42. Kxb4 Nc7 43. Ne5 Ne6 44. Ng4 d4 45. exd4 Nxf4 46. Nf6 Ne6
47. Nxh7 Nxd4 48. Nf8 Nf3 49. Nxg6 Nxg5 50. Kb5 Kc7 51. Nf4 Ne4 1/2-1/2

[Event "Plzen, FSB A"]
[Site "?"]
[Date "2000.??.??"]
[Round "4"]
[White "Geiger, L."]
[Black "Kovarik, J."]
[Result "1/2-1/2"]
[WhiteElo "1900"]
[BlackElo "2010"]
[PlyCount "90"]
[EventDate "2000.??.??"]
[Source "ChessBase"]
[SourceDate "1996.11.15"]

1. e4 c5 2. Nf3 Nc6 3. d4 cxd4 4. Nxd4 Nf6 5. Nc3 a6 6. Bc4 e6 7. O-O Qc7 8. a4
Nxd4 9. Qxd4 Bc5 10. Qd3 Ng4 11. Qg3 Qxg3 12. hxg3 O-O 13. Be2 h5 14. Bf4 f6
15. Rad1 e5 16. Bd2 Bd4 17. Be1 d6 18. Rd3 f5 19. Bf3 Be6 20. b3 Rac8 21. Ne2
Rxc2 22. Nxd4 exd4 23. exf5 Bxf5 24. Rxd4 Ne5 25. Bxb7 Bd3 26. Be4 Bxe4 27.
Rxe4 Nd3 28. f3 Nc5 29. Rd4 Nxb3 30. Rxd6 Re8 31. Rd1 Ree2 32. Rf2 Rxf2 33.
Bxf2 Ra2 34. Rb1 Nd2 35. Rd1 Nc4 36. Rd5 g6 37. Rc5 Rxa4 38. Rc6 Kf7 39. Bd4 g5
40. Rf6+ Ke7 41. Rh6 Ra5 42. Rxh5 Rd5 43. Rh7+ Kd6 44. Rh6+ Kc7 45. Bc3 a5
1/2-1/2

[Event "Plzen, FSB A"]
[Site "?"]
[Date "2000.??.??"]
[Round "4"]
[White "Kamenik, M."]
[Black "Ceplecha, T."]
[Result "1-0"]
[WhiteElo "2005"]
[BlackElo "2005"]
[PlyCount "85"]
[EventDate "2000.??.??"]
[Source "ChessBase"]
[SourceDate "1996.11.15"]

1. e4 d6 2. f4 g6 3. Nf3 Bg7 4. Bc4 Bg4 5. Bxf7+ Kf8 6. Bb3 a5 7. a4 Na6 8. d3
Nc5 9. Ba2 Qd7 10. O-O Nxa4 11. c3 b5 12. Nbd2 Nh6 13. Qe1 Be6 14. Bxe6 Qxe6
15. Ng5 Qd7 16. h3 Nf7 17. Nxf7 Kxf7 18. f5 g5 19. Nf3 h6 20. Qe2 c5 21. d4
cxd4 22. cxd4 Rhf8 23. Bxg5 hxg5 24. Nxg5+ Kg8 25. Qh5 Bxd4+ 26. Kh1 e6 27.
Nxe6 Bg7 28. Rf3 Rf6 29. Ng5 Rh6 30. Qg4 Kh8 31. Raf1 Rg8 32. Qf4 Rf6 33. Qd2
Bh6 34. h4 b4 35. e5 Rff8 36. e6 Qe7 37. f6 Qxe6 38. Nxe6 Bxd2 39. f7 Nxb2 40.
Rf5 Bc3 41. Ng5 Rg7 42. R5f4 a4 43. Ne6 1-0

[Event "Plzen, FSB A"]
[Site "?"]
[Date "2000.??.??"]
[Round "4"]
[White "Grosse_Honebrink, B."]
[Black "Kalista, K."]
[Result "0-1"]
[WhiteElo "2005"]
[BlackElo "1860"]
[PlyCount "133"]
[EventDate "2000.??.??"]
[Source "ChessBase"]
[SourceDate "1996.11.15"]

1. d4 d5 2. Nf3 Nf6 3. c4 c6 4. cxd5 cxd5 5. Nc3 e6 6. e3 Nc6 7. Bd3 Nb4 8. Be2
Bd7 9. a3 Nc6 10. O-O Rc8 11. Bd2 Bd6 12. Rc1 O-O 13. b4 a6 14. Na4 Ne4 15. Nc5
Bxc5 16. dxc5 f5 17. Bc3 Nxc3 18. Rxc3 f4 19. Nd4 Qe8 20. Nxc6 Bxc6 21. Bg4 Bb5
22. Re1 Ba4 23. Qd4 Qg6 24. Bf3 Qg5 25. exf4 Rxf4 26. Qe5 Qxe5 27. Rxe5 Bd7 28.
h3 Rcf8 29. Rd3 Rc4 30. Rd2 Rc3 31. Re3 Rc1+ 32. Kh2 Rf4 33. Kg3 Rfc4 34. Bg4
R1c3 35. Rdd3 Rxd3 36. Rxd3 Kf7 37. Bf3 Bc6 38. Bd1 Rc1 39. Be2 Ke7 40. Bg4 Rc4
41. Re3 Bd7 42. Be2 Rc1 43. Kf4 a5 44. Bd3 h6 45. Ke5 Ba4 46. Kd4 axb4 47. axb4
Bc2 48. Be2 Bd1 49. Kd3 Bxe2+ 50. Rxe2 Rc4 51. Rb2 Kd7 52. f3 h5 53. g3 h4 54.
gxh4 Rxh4 55. Rg2 Rxh3 56. Rxg7+ Kc6 57. Rf7 e5 58. Kc2 d4 59. Kd3 Rh1 60. Rf6+
Kc7 61. Ke4 Rf1 62. Kd5 d3 63. Kxe5 d2 64. Rd6 d1=Q 65. Rxd1 Rxd1 66. f4 Kc6
67. f5 0-1

[Event "Plzen, FSB A"]
[Site "?"]
[Date "2000.??.??"]
[Round "4"]
[White "Pfiender, H."]
[Black "Marous, R."]
[Result "0-1"]
[WhiteElo "1905"]
[BlackElo "1815"]
[PlyCount "78"]
[EventDate "2000.??.??"]
[Source "ChessBase"]
[SourceDate "1996.11.15"]

1. e4 c5 2. d4 cxd4 3. c3 dxc3 4. Nxc3 Nc6 5. Nf3 e6 6. Bc4 Bc5 7. O-O Nge7 8.
a3 a5 9. Na4 Ba7 10. Bf4 O-O 11. Bd6 Bb8 12. e5 Bxd6 13. exd6 Ng6 14. Re1 b6
15. Nc3 Bb7 16. Re3 Kh8 17. Qe1 f5 18. Nd2 Nd4 19. Bd3 Nf4 20. Rg3 Nxd3 21.
Rxd3 Nc2 22. Qd1 Nxa1 23. Qxa1 e5 24. Qe1 e4 25. Rg3 Qf6 26. Nc4 Rae8 27. Nxb6
Qxd6 28. Nc4 Qc5 29. b3 d5 30. Na4 Qe7 31. Nxa5 d4 32. Nxb7 Qxb7 33. Nc5 Qe7
34. b4 f4 35. Rg4 e3 36. f3 Rd8 37. Nd3 e2 38. Qb1 Qe3+ 39. Kh1 Qxd3 0-1

[Event "Plzen, FSB A"]
[Site "?"]
[Date "2000.??.??"]
[Round "5"]
[White "Vavra, P."]
[Black "Konopka, M."]
[Result "1-0"]
[WhiteElo "2390"]
[BlackElo "2450"]
[PlyCount "78"]
[EventDate "2000.??.??"]
[Source "ChessBase"]
[SourceDate "1996.11.15"]

1. e4 d6 2. d4 Nf6 3. Nc3 g6 4. Be3 c6 5. h3 Qb6 6. a3 Bg7 7. Bd3 Nbd7 8. Nge2
O-O 9. O-O Qc7 10. f4 b6 11. e5 Nd5 12. Nxd5 cxd5 13. Nc3 Bb7 14. Qf3 Rad8 15.
Rae1 a6 16. a4 dxe5 17. fxe5 Nxe5 18. Qg3 Qd7 19. dxe5 d4 20. Bf2 dxc3 21. Bxb6
Rb8 22. Rxf7 cxb2 23. e6 Qc6 24. Rxg7+ Kxg7 25. Bd4+ Kg8 26. c3 Rf4 27. Bxg6
Qxg2+ 28. Qxg2 Bxg2 29. Bb1 Rxd4 30. cxd4 Bxh3 31. Re5 Rc8 32. Kh2 Rc1 33. Rg5+
Kf8 34. Ba2 b1=Q 35. Bxb1 Rxb1 36. Kxh3 Rh1+ 37. Kg2 Rh6 38. Rf5+ Ke8 39. d5
Rh4 1-0

[Event "Plzen, FSB A"]
[Site "?"]
[Date "2000.??.??"]
[Round "5"]
[White "Gross, S."]
[Black "Vokac, M."]
[Result "1/2-1/2"]
[WhiteElo "2355"]
[BlackElo "2520"]
[PlyCount "122"]
[EventDate "2000.??.??"]
[Source "ChessBase"]
[SourceDate "1996.11.15"]

1. e4 c5 2. Nf3 Nc6 3. d4 cxd4 4. Nxd4 Qb6 5. Nb3 Nf6 6. Nc3 e6 7. Bd3 Be7 8.
O-O O-O 9. Kh1 d6 10. f4 Qc7 11. Qf3 a6 12. Bd2 b5 13. Rae1 b4 14. Nd1 Bb7 15.
Qh3 Rad8 16. Ne3 g6 17. Ng4 Nxg4 18. Qxg4 a5 19. f5 Ne5 20. Qh3 exf5 21. exf5
Bc8 22. Qg3 Nxd3 23. cxd3 Rfe8 24. Bh6 a4 25. Rc1 Qa7 26. Nd2 Qd4 27. Ne4 Qe5
28. Bf4 Qxb2 29. f6 Bf8 30. Nxd6 Bxd6 31. Bxd6 Bb7 32. Rce1 Re2 33. Rxe2 Qxe2
34. Kg1 Qxg2+ 35. Qxg2 Bxg2 36. Rb1 Rxd6 37. Kxg2 Rxf6 38. Rxb4 Ra6 39. Kf3 Kg7
40. Ke4 Kf6 41. Kd5 h5 42. d4 g5 43. Kc5 g4 44. d5 Ke5 45. Rb2 Ra5+ 46. Kc6
Ra6+ 47. Kc5 f5 48. d6 Ra8 49. d7 Rd8 50. Kc6 h4 51. Re2+ Kd4 52. Re8 Rxd7 53.
Kxd7 g3 54. hxg3 hxg3 55. Rg8 f4 56. Ke6 Ke4 57. a3 f3 58. Rg4+ Ke3 59. Rxg3
Ke2 60. Kd5 f2 61. Rg2 Ke3 1/2-1/2

[Event "Plzen, FSB A"]
[Site "?"]
[Date "2000.??.??"]
[Round "5"]
[White "Neuman, P."]
[Black "Lechtynsky, J."]
[Result "1/2-1/2"]
[WhiteElo "1795"]
[BlackElo "1970"]
[PlyCount "24"]
[EventDate "2000.??.??"]
[Source "ChessBase"]
[SourceDate "1996.11.15"]

1. d4 Nf6 2. c4 e6 3. Nc3 d5 4. cxd5 exd5 5. Bg5 Be7 6. e3 c6 7. Qc2 Nbd7 8.
Bd3 Nf8 9. Nge2 Ne6 10. Bxf6 Bxf6 11. O-O g6 12. b4 O-O 1/2-1/2

[Event "Plzen, FSB A"]
[Site "?"]
[Date "2000.??.??"]
[Round "5"]
[White "Fiala, R."]
[Black "Cernousek, L."]
[Result "1/2-1/2"]
[WhiteElo "2235"]
[BlackElo "2255"]
[PlyCount "28"]
[EventDate "2000.??.??"]
[Source "ChessBase"]
[SourceDate "1996.11.15"]

1. Nf3 Nf6 2. g3 d5 3. Bg2 c5 4. O-O Nc6 5. d4 e6 6. c4 dxc4 7. Qa4 cxd4 8.
Nxd4 Qxd4 9. Bxc6+ Bd7 10. Bxd7+ Qxd7 11. Qxc4 Rc8 12. Qb3 Be7 13. Rd1 Qc6 14.
Nc3 O-O 1/2-1/2

[Event "Plzen, FSB A"]
[Site "?"]
[Date "2000.??.??"]
[Round "5"]
[White "Votava, J."]
[Black "Menacher, M."]
[Result "1-0"]
[WhiteElo "2505"]
[BlackElo "2315"]
[PlyCount "107"]
[EventDate "2000.??.??"]
[Source "ChessBase"]
[SourceDate "1996.11.15"]

1. e4 c5 2. Nf3 Nc6 3. d4 cxd4 4. Nxd4 Nf6 5. Nc3 e5 6. Ndb5 d6 7. Bg5 a6 8.
Na3 b5 9. Nd5 Be7 10. Bxf6 Bxf6 11. c3 O-O 12. Nc2 Bg5 13. a4 bxa4 14. Rxa4 Bb7
15. Bc4 Na5 16. Ba2 Bc6 17. Ra3 Bb5 18. h4 Bh6 19. Nce3 Bxe3 20. Nxe3 Rc8 21.
Nf5 Nb7 22. Qg4 Qf6 23. Qg5 Rc7 24. Qxf6 gxf6 25. Bd5 Nc5 26. c4 Bd7 27. b4
Nxe4 28. g4 Be6 29. Bxe4 Rxc4 30. Bg2 Rd8 31. Rxa6 Rxb4 32. Ne7+ Kg7 33. Nc6
Rb1+ 34. Kd2 Rxh1 35. Nxd8 Bc4 36. Bxh1 Bxa6 37. Bd5 Bc8 38. f3 f5 39. gxf5
Bxf5 40. Nxf7 e4 41. Nxd6 exf3 42. Nxf5+ Kf6 43. Ng3 Ke5 44. Ke3 Kxd5 45. Kxf3
Ke5 46. Kg4 Kf6 47. Kh5 Kg7 48. Kg5 Kg8 49. Kh6 Kh8 50. Ne4 Kg8 51. Nf6+ Kh8
52. Nxh7 Kg8 53. Kg6 Kh8 54. Ng5 1-0

[Event "Plzen, FSB A"]
[Site "?"]
[Date "2000.??.??"]
[Round "5"]
[White "Jirka, J."]
[Black "Gross, D."]
[Result "1-0"]
[WhiteElo "2300"]
[BlackElo "2465"]
[PlyCount "99"]
[EventDate "2000.??.??"]
[Source "ChessBase"]
[SourceDate "1996.11.15"]

1. d4 Nf6 2. c4 g6 3. g3 Bg7 4. Bg2 O-O 5. Nc3 d6 6. Nf3 c6 7. O-O Qa5 8. h3
Be6 9. Nd2 Qa6 10. d5 cxd5 11. cxd5 Bd7 12. Re1 b5 13. e4 b4 14. Ne2 Ba4 15. b3
Nfd7 16. Rb1 Bb5 17. Bb2 Bxb2 18. Rxb2 Nc5 19. Nc1 Nbd7 20. Nf3 Ne5 21. Rd2
Rac8 22. Nd4 Ncd3 23. Nxd3 Nxd3 24. Bf1 Rc1 25. Qxc1 Nxc1 26. Bxb5 Qc8 27. Nc6
Qxh3 28. Nxe7+ Kg7 29. Rxc1 h5 30. Re1 h4 31. Re3 a5 32. Bf1 Qg4 33. Nc6 hxg3
34. fxg3 Re8 35. Bg2 f5 36. Nd4 fxe4 37. Ne6+ Kg8 38. Bxe4 Rc8 39. Rf2 Rc3 40.
Rf8+ Kh7 41. Rff3 Rxe3 42. Rxe3 Kg8 43. Kf2 Qd1 44. Bxg6 Qd2+ 45. Re2 Qxd5 46.
Nf4 Qd4+ 47. Kg2 Qd1 48. Re7 Qd2+ 49. Kh3 Qd1 50. Bh7+ 1-0

[Event "Plzen, FSB A"]
[Site "?"]
[Date "2000.??.??"]
[Round "5"]
[White "Cvek, R."]
[Black "Kolago, M."]
[Result "1-0"]
[WhiteElo "2405"]
[BlackElo "2270"]
[PlyCount "59"]
[EventDate "2000.??.??"]
[Source "ChessBase"]
[SourceDate "1996.11.15"]

1. c4 e5 2. Nc3 Nc6 3. g3 g6 4. Bg2 Bg7 5. d3 f5 6. Nf3 Nf6 7. Bg5 h6 8. Bxf6
Bxf6 9. Nd2 O-O 10. Rb1 a5 11. a3 Bg7 12. O-O h5 13. b4 axb4 14. axb4 e4 15.
Nd5 exd3 16. exd3 Nd4 17. Nf3 c6 18. Nf4 Nxf3+ 19. Qxf3 Kh7 20. b5 Re8 21. h4
Ra2 22. Bh3 d5 23. bxc6 bxc6 24. cxd5 cxd5 25. Rb5 Be6 26. Rb7 Rb2 27. Rxb2
Bxb2 28. Qe2 Bf6 29. Nxe6 Qd6 30. Ng5+ 1-0

[Event "Plzen, FSB A"]
[Site "?"]
[Date "2000.??.??"]
[Round "5"]
[White "Gross, G."]
[Black "Mikuev, E."]
[Result "0-1"]
[WhiteElo "2350"]
[BlackElo "2225"]
[PlyCount "60"]
[EventDate "2000.??.??"]
[Source "ChessBase"]
[SourceDate "1996.11.15"]

1. d4 Nf6 2. Nf3 g6 3. g3 Bg7 4. Bg2 O-O 5. O-O d5 6. Bf4 c6 7. Qc1 Bf5 8. c4
Nbd7 9. cxd5 cxd5 10. Bh6 Rc8 11. Nc3 Ne4 12. Bxg7 Kxg7 13. Qe3 Nxc3 14. bxc3
Be4 15. Bh3 Bxf3 16. Qxf3 e6 17. Rfc1 Nf6 18. Rab1 b6 19. Qd3 Qc7 20. Rb4 Qe7
21. Ra4 Rc7 22. f3 Rfc8 23. Qa6 Ne8 24. c4 Nd6 25. c5 Nc4 26. cxb6 Nxb6 27.
Rxc7 Rxc7 28. Ra3 Qb4 29. Bf1 Rc1 30. f4 Nc4 0-1

[Event "Plzen, FSB A"]
[Site "?"]
[Date "2000.??.??"]
[Round "5"]
[White "Orsag, M."]
[Black "Glienke, M."]
[Result "0-1"]
[WhiteElo "2205"]
[BlackElo "2345"]
[PlyCount "108"]
[EventDate "2000.??.??"]
[Source "ChessBase"]
[SourceDate "1996.11.15"]

1. e4 c5 2. Nc3 Nc6 3. g3 g6 4. Bg2 Bg7 5. d3 d6 6. f4 e5 7. Nh3 Nge7 8. O-O
O-O 9. f5 f6 10. fxg6 hxg6 11. Be3 Be6 12. Kh1 Qd7 13. Ng1 Nd4 14. Qd2 Kh7 15.
Rf2 Rf7 16. Raf1 Raf8 17. Nd5 b6 18. c3 Nb5 19. a4 Nc7 20. c4 Nc6 21. Nxc7 Qxc7
22. Bh3 Bxh3 23. Nxh3 Qd7 24. Kg2 Nd4 25. b4 Kg8 26. Bxd4 cxd4 27. Qa2 Bh6 28.
c5 Kg7 29. cxb6 axb6 30. Ng1 Be3 31. Rf3 Ra8 32. b5 Qc7 33. Ne2 Rc8 34. Qe6
Rcf8 35. Rxe3 dxe3 36. Rc1 Qa7 37. Qxd6 Qxa4 38. Qxb6 Qb3 39. Rc3 Qb2 40. Qxe3
Qxb5 41. d4 Ra8 42. Rb3 exd4 43. Rxb5 dxe3 44. Rb3 Rfa7 45. Rxe3 Ra3 46. Rxa3
Rxa3 47. Kf2 g5 48. h3 Rd3 49. h4 g4 50. Nf4 Rf3+ 51. Kg2 Re3 52. Kf2 Rxe4 53.
Nd5 f5 54. Nf4 Ra4 0-1

[Event "Plzen, FSB A"]
[Site "?"]
[Date "2000.??.??"]
[Round "5"]
[White "Nosek, F."]
[Black "Vyskocil, N."]
[Result "1/2-1/2"]
[WhiteElo "2125"]
[BlackElo "2330"]
[PlyCount "48"]
[EventDate "2000.??.??"]
[Source "ChessBase"]
[SourceDate "1996.11.15"]

1. e4 c5 2. Nf3 e6 3. d4 cxd4 4. Nxd4 a6 5. Bd3 Nf6 6. O-O d6 7. c4 g6 8. Be3
Bg7 9. Nc3 O-O 10. f3 Qc7 11. Qd2 b6 12. b3 Bb7 13. Rac1 Nbd7 14. Bb1 Rfe8 15.
Rfd1 Bf8 16. Nde2 Rac8 17. Qd4 Be7 18. Qd2 Qb8 19. Bf4 Ne5 20. Bg5 Rcd8 21. Qf4
Nh5 22. Qd2 Nf6 23. Qf4 Nh5 24. Qd2 Nf6 1/2-1/2

[Event "Plzen, FSB A"]
[Site "?"]
[Date "2000.??.??"]
[Round "5"]
[White "Namyslo, H."]
[Black "Brousek, J."]
[Result "1/2-1/2"]
[WhiteElo "2325"]
[BlackElo "2050"]
[PlyCount "46"]
[EventDate "2000.??.??"]
[Source "ChessBase"]
[SourceDate "1996.11.15"]

1. e4 e6 2. d4 d5 3. Nc3 Bb4 4. e5 c5 5. a3 Bxc3+ 6. bxc3 Qc7 7. Nf3 Ne7 8. Bd3
b6 9. a4 Ba6 10. Bxa6 Nxa6 11. Qd3 Nb8 12. O-O h6 13. Ba3 Nd7 14. Rfe1 Rc8 15.
a5 O-O 16. axb6 axb6 17. Reb1 Rfe8 18. Qb5 Qc6 19. dxc5 bxc5 20. Qe2 Rb8 21.
Bc1 Rxb1 22. Rxb1 Rb8 23. Rxb8+ Nxb8 1/2-1/2

[Event "Plzen, FSB A"]
[Site "?"]
[Date "2000.??.??"]
[Round "5"]
[White "Epitashvili, K."]
[Black "Michalek, J."]
[Result "0-1"]
[WhiteElo "2100"]
[BlackElo "2320"]
[PlyCount "50"]
[EventDate "2000.??.??"]
[Source "ChessBase"]
[SourceDate "1996.11.15"]

1. d4 Nf6 2. c4 g6 3. Nc3 Bg7 4. e4 d6 5. Be2 O-O 6. Bg5 Na6 7. Qd2 e5 8. d5
Qe8 9. f3 Bd7 10. g4 h5 11. h3 Nh7 12. gxh5 Nxg5 13. Qxg5 Kh7 14. h4 Bh6 15.
hxg6+ fxg6 16. Qg2 Rf4 17. Bd3 Qe7 18. h5 Rg8 19. Qh2 g5 20. Nce2 Rh4 21. Qg2
g4 22. Rd1 Kh8 23. fxg4 Rhxg4 24. Qh2 Rg2 25. Qh4 Bg5 0-1

[Event "Plzen, FSB A"]
[Site "?"]
[Date "2000.??.??"]
[Round "5"]
[White "Mirumian, V."]
[Black "Smistik, M."]
[Result "1-0"]
[WhiteElo "2555"]
[BlackElo "2165"]
[PlyCount "89"]
[EventDate "2000.??.??"]
[Source "ChessBase"]
[SourceDate "1996.11.15"]

1. Nf3 Nf6 2. g3 g6 3. Bg2 Bg7 4. c4 O-O 5. Nc3 d5 6. cxd5 Nxd5 7. d4 c5 8. O-O
cxd4 9. Nxd4 Nxc3 10. bxc3 Qa5 11. Qb3 Nc6 12. Be3 Qa6 13. a4 e5 14. Nb5 Be6
15. Qb1 Rfc8 16. Nd6 Rc7 17. Qb5 Rd8 18. Nxb7 Qxb7 19. Qxb7 Rxb7 20. Bxc6 Rc7
21. Bb5 e4 22. Rfd1 Rxd1+ 23. Rxd1 Bxc3 24. Rc1 Ba5 25. Rxc7 Bxc7 26. Bxa7 Ba5
27. f3 exf3 28. exf3 f6 29. Bc6 Kf7 30. Kf2 Bb3 31. Ke3 Ke6 32. Kd4 Kd6 33. Bb5
Bd1 34. Bb8+ Ke6 35. Bc6 Be2 36. Kc5 g5 37. Ba7 Be1 38. Kb6 h5 39. a5 h4 40.
Bb8 f5 41. a6 g4 42. fxg4 hxg3 43. gxf5+ Kxf5 44. Bxg3 Bxg3 45. hxg3 1-0

[Event "Plzen, FSB A"]
[Site "?"]
[Date "2000.??.??"]
[Round "5"]
[White "Volosin, L."]
[Black "Vasicek, M."]
[Result "1-0"]
[WhiteElo "2455"]
[BlackElo "2165"]
[PlyCount "105"]
[EventDate "2000.??.??"]
[Source "ChessBase"]
[SourceDate "1996.11.15"]

1. d4 Nf6 2. Nf3 d5 3. c4 e6 4. Nc3 c6 5. Bg5 Nbd7 6. e3 Be7 7. Qc2 O-O 8. Rd1
Re8 9. a3 Nf8 10. Bd3 dxc4 11. Bxc4 Nd5 12. Bxe7 Qxe7 13. Bd3 Ng6 14. O-O Bd7
15. Rc1 Rad8 16. Nxd5 exd5 17. Bxg6 hxg6 18. Qc5 Qxc5 19. Rxc5 Re7 20. Ne5 Be8
21. b4 a6 22. Rfc1 f6 23. Nd3 g5 24. h3 Kf7 25. R5c3 Ke6 26. Kf1 Kd6 27. Nc5
Ra8 28. Nb3 Bg6 29. a4 Be8 30. Na5 Bg6 31. Ke2 Bh5+ 32. Kd2 Bg6 33. Nb3 Be4 34.
Rg1 Bg6 35. Re1 Be4 36. Rg1 Bg6 37. Rcc1 Be4 38. Ra1 Bg6 39. Rae1 Be4 40. a5
Bg6 41. Nc5 Bf5 42. f3 Rae8 43. Re2 Bc8 44. Rge1 Bf5 45. e4 Bc8 46. Re3 dxe4
47. fxe4 Be6 48. e5+ Kd5 49. exf6 gxf6 50. g4 Kc4 51. Rxe6 Rxe6 52. Rxe6 Rb8
53. Re7 1-0

[Event "Plzen, FSB A"]
[Site "?"]
[Date "2000.??.??"]
[Round "5"]
[White "Vyhnalek, B."]
[Black "Zvara, P."]
[Result "1/2-1/2"]
[WhiteElo "2155"]
[BlackElo "2360"]
[PlyCount "119"]
[EventDate "2000.??.??"]
[Source "ChessBase"]
[SourceDate "1996.11.15"]

1. e4 c5 2. Nf3 e6 3. d4 cxd4 4. Nxd4 a6 5. Be3 Nf6 6. Bd3 Nc6 7. Nd2 d5 8. c3
Be7 9. O-O O-O 10. exd5 Nxd5 11. Nxc6 bxc6 12. Bd4 c5 13. Be5 Bf6 14. Bxf6 Nxf6
15. Qe2 Bb7 16. Nc4 Qc7 17. Rfe1 Rfd8 18. Ne5 Rd5 19. Bc4 Rd6 20. Rad1 Rad8 21.
Bb3 Nd5 22. Qg4 Nf6 23. Qe2 g6 24. Rxd6 Rxd6 25. Nc4 Rd8 26. Rd1 Rxd1+ 27. Qxd1
Qf4 28. Qd2 Nd5 29. Qxf4 Nxf4 30. Ne3 Nd3 31. Nd1 g5 32. Bc4 Ne5 33. Be2 a5 34.
Ne3 Bd5 35. a3 Bb3 36. f3 f5 37. Kf2 Kf7 38. Nf1 Ke7 39. Nd2 Bd5 40. c4 Bc6 41.
Nb3 a4 42. Nxc5 Kd6 43. Na6 Bb7 44. c5+ Kc6 45. Ke3 Bxa6 46. Bxa6 Kxc5 47. Kd2
Kd4 48. Bb5 Nc4+ 49. Kc1 Nb6 50. Kd2 e5 51. Ke2 h6 52. Be8 Kc5 53. Kd2 Kd4 54.
Ke2 h5 55. g3 h4 56. gxh4 gxh4 57. Bb5 f4 58. Be8 Kc4 59. Bf7+ Kd4 60. Be8
1/2-1/2

[Event "Plzen, FSB A"]
[Site "?"]
[Date "2000.??.??"]
[Round "5"]
[White "Freisler, P."]
[Black "Hrbolka jr., L."]
[Result "1-0"]
[WhiteElo "2360"]
[BlackElo "2165"]
[PlyCount "81"]
[EventDate "2000.??.??"]
[Source "ChessBase"]
[SourceDate "1996.11.15"]

1. Nf3 Nf6 2. c4 g6 3. g3 Bg7 4. Bg2 O-O 5. O-O d6 6. d4 c5 7. b3 Nc6 8. Bb2 a6
9. d5 Na5 10. Nbd2 b5 11. e4 bxc4 12. bxc4 Rb8 13. Bc3 Nd7 14. Qc2 Bxc3 15.
Qxc3 f6 16. Bh3 Ne5 17. Bxc8 Nxf3+ 18. Nxf3 Rxc8 19. Rab1 Qc7 20. Nd2 Rb8 21.
f4 Rb4 22. a3 Ra4 23. Rf3 Rb8 24. Rxb8+ Qxb8 25. Qc2 Qe8 26. e5 Nb7 27. e6 Kg7
28. Rb3 Na5 29. Rc3 Kg8 30. g4 Kg7 31. h4 Kg8 32. g5 f5 33. h5 gxh5 34. Qxf5
Qg6 35. Qxg6+ hxg6 36. Kg2 Kg7 37. Kg3 Nb7 38. Nf1 Na5 39. Ne3 Kf8 40. Kh4 Kg8
41. f5 1-0

[Event "Plzen, FSB A"]
[Site "?"]
[Date "2000.??.??"]
[Round "5"]
[White "Folk, P."]
[Black "Burdova, K."]
[Result "1/2-1/2"]
[WhiteElo "2260"]
[BlackElo "2130"]
[PlyCount "66"]
[EventDate "2000.??.??"]
[Source "ChessBase"]
[SourceDate "1996.11.15"]

1. e4 c5 2. Nf3 e6 3. d4 cxd4 4. Nxd4 Nf6 5. Nc3 d6 6. Be2 Be7 7. O-O O-O 8. f4
Nc6 9. Be3 a6 10. a4 Qc7 11. Kh1 Nxd4 12. Bxd4 e5 13. Bg1 exf4 14. Qd2 Be6 15.
Qxf4 Nd7 16. Bd4 Ne5 17. Qg3 b6 18. Rad1 Kh8 19. Bd3 f6 20. Nd5 Bxd5 21. exd5
g6 22. Qe3 Bd8 23. Rde1 Re8 24. b3 Qb7 25. Re2 b5 26. axb5 axb5 27. Qh3 f5 28.
c4 bxc4 29. Bxc4 Bf6 30. Rfe1 Qd7 31. Qc3 Kg7 32. h3 Kf7 33. Re3 Rac8 1/2-1/2

[Event "Plzen, FSB A"]
[Site "?"]
[Date "2000.??.??"]
[Round "5"]
[White "Ionescu, A."]
[Black "Ratolistka, J."]
[Result "1-0"]
[WhiteElo "2255"]
[BlackElo "2150"]
[PlyCount "81"]
[EventDate "2000.??.??"]
[Source "ChessBase"]
[SourceDate "1996.11.15"]

1. e4 Nf6 2. Nc3 d5 3. e5 Ne4 4. Nce2 d4 5. c3 d3 6. Qa4+ Bd7 7. Qxe4 dxe2 8.
Bxe2 Bc6 9. Qg4 Qd7 10. Qg3 Qf5 11. Nf3 Bxf3 12. Qxf3 Qxf3 13. Bxf3 c6 14. d4
e6 15. Be3 Nd7 16. O-O Be7 17. Be4 O-O-O 18. f4 g6 19. Bf3 h5 20. c4 Kb8 21.
Rfe1 Rc8 22. Rab1 Rc7 23. b4 Rhc8 24. a4 Bf8 25. c5 Bh6 26. b5 cxb5 27. axb5 b6
28. c6 Nf8 29. Red1 Rd8 30. Rd3 Nh7 31. Rbd1 f6 32. Be4 f5 33. Bf3 Rd5 34. Bxd5
exd5 35. Bc1 Bf8 36. Ba3 Bxa3 37. Rxa3 Nf8 38. Rg3 Rg7 39. e6 Nxe6 40. Re3 Nc7
41. Rb1 1-0